000 00429nam a2200145 i 4500
001 82384
003 ES-MaACL
007 t|
008 041110s1974 sp ||||1| spa d
245 0 0 _aInflación, paro y mercado de trabajo /
_cedición a cargo de Julio Segura.
260 _a[Madrid] :
_bRevista de Trabajo,
_c[1974]
300 _a481 p. ;
_c20 cm.
700 1 _aSegura, Julio.
_9105210
852 _aES-MaACL
_jL-7692
_bR.107398
999 _c82384
_d82384